000
00331nam a22001457a 4500
008
230427b ||||| |||| 00| 0 eng d
020
_a
0890599718
041
_a
eng
080
_a
030
082
_a
030COL
100
_a
44
101
_a
ENCIKLO
245
_a
ENCYCLOPEDIA OF THE LIBRARY OF CONGRESS
_c
COLE.Y.J
942
_2
udc
_c
BK
999
_c
59630
_d
59630